000 00299nam a22001337a 4500
008 170606b xxu||||| |||| 00| 0 eng d
020 _a9781929223961
041 _aeng
080 _a94
100 _a18
101 _aSHH
245 _aLEASHUNG THE DODS OF WAR
_cCROCKERS.CH.A
942 _2udc
_cBK
999 _c16124
_d16124